[Event "Campeonato Individual-segunda categoría"]
[Site "?"]
[Date "2015.10.17"]
[Round "1.1"]
[White "Vinuesa Cerrezo, Benito"]
[Black "Fernandez Almeida, Joseba"]
[Result "1/2-1/2"]
[WhiteElo "1685"]
[BlackElo "1838"]
[PlyCount "125"]
[SourceDate "2015.10.20"]

1. e4 e6 2. c3 c5 3. f4 g6 4. Nf3 Bg7 5. Bb5 a6 6. Ba4 b5 7. Bc2 Bb7 8. O-O d6
9. Qe2 Ne7 10. d4 cxd4 11. Nxd4 Nd7 12. Nf3 O-O 13. Be3 Nb6 14. Nbd2 Rc8 15.
Rad1 Nc4 16. Nxc4 Rxc4 17. Nd2 Rc8 18. a3 Qc7 19. Kh1 d5 20. Qf2 dxe4 21. Bxe4
Nd5 22. Bxd5 Bxd5 23. h3 Qb7 24. Nf3 f6 25. Qg3 e5 26. Rd2 exf4 27. Bxf4 Rfe8
28. Rfd1 Bxf3 29. gxf3 Qe7 30. h4 Rc6 31. Qg2 Re6 32. Qg3 Re1+ 33. Rxe1 Qxe1+
34. Qxe1 Rxe1+ 35. Kg2 Kf7 36. Rd7+ Re7 37. Rd2 h6 38. Kf2 g5 39. Bg3 f5 40.
hxg5 hxg5 41. Rd6 Re6 42. Rd7+ Kf6 43. Bc7 Bf8 44. Rd5 Rc6 45. Ba5 Ke6 46. Rd8
Bc5+ 47. Kg3 Ke5 48. Re8+ Kf6 49. Re2 Bb6 50. Bb4 Re6 51. Rd2 Bc7+ 52. Kf2 Bf4
53. Rc2 g4 54. c4 Kg5 55. cxb5 axb5 56. fxg4 fxg4 57. Rc5+ Re5 58. Rxe5+ Bxe5
59. b3 Kf4 60. a4 bxa4 61. bxa4 Bd4+ 62. Kg2 Ba7 63. Bd6+ 1/2-1/2

[Event "Campeonato Individual-Segunda Categoría"]
[Site "?"]
[Date "2015.10.17"]
[Round "1.2"]
[White "Lafuente Ollero, Alberto"]
[Black "Galan Gutierrez, Jose Miguel"]
[Result "0-1"]
[WhiteElo "1825"]
[BlackElo "1682"]
[PlyCount "44"]

1. e4 e5 2. Nf3 Nc6 3. Bc4 Nf6 4. d4 exd4 5. O-O Be7 6. e5 Ng4 7. Re1 O-O 8. h3
Nh6 9. Bxh6 gxh6 10. Nxd4 Nxd4 11. Qxd4 d6 12. e6 Bxe6 13. Rxe6 fxe6 14. Bxe6+
Rf7 15. Qg4+ Kf8 16. Bxf7 Kxf7 17. Nc3 Qg8 18. Qf3+ Kg7 19. Qxb7 Kh8 20. Qxc7
Qe6 21. Nd5 Bh4 22. Qc4 Bf6 0-1

[Event "Campeonato Individual-Segunda categoría"]
[Site "?"]
[Date "2015.10.17"]
[Round "1.3"]
[White "Asensio Ariño, Juan Angel"]
[Black "Herrero Lopez, Cesar"]
[Result "1/2-1/2"]
[WhiteElo "1678"]
[BlackElo "1823"]
[PlyCount "129"]

1. d4 f5 2. e3 Nf6 3. Bd3 d5 4. f4 b6 5. Nf3 e6 6. O-O c5 7. c3 Be7 8. Ne5 c4
9. Bc2 O-O 10. Nd2 b5 11. a3 a5 12. Ndf3 Qc7 13. Kh1 Nc6 14. Bd2 Ne4 15. Bxe4
dxe4 16. Ng1 Bb7 17. g4 Nxe5 18. fxe5 Bg5 19. Nh3 Qe7 20. Nxg5 Qxg5 21. Rf4
fxg4 22. Rxg4 Rf1+ 23. Qxf1 Qxg4 24. Qg2 Qxg2+ 25. Kxg2 Rf8 26. Rf1 Rxf1 27.
Kxf1 g5 28. Kf2 Kg7 29. Kg3 Kg6 30. h4 Bc6 31. hxg5 Kxg5 32. Be1 Be8 33. Kh3
Bh5 34. Bh4+ Kf5 35. Bg3 Bg4+ 36. Kh4 a4 37. Bf4 Be2 38. Kg3 Kg6 39. Kh4 Bd1
40. Bg3 Kf5 41. Bf4 Bg4 42. Kg3 Bh5 43. Kh4 Be8 44. Kg3 Kg6 45. Kh4 Kg7 46. Kg5
Bg6 47. Bg3 h6+ 48. Kf4 Bf5 49. Bh4 Kg6 50. Kg3 h5 51. Kf4 Kf7 52. Kg5 Bg4 53.
Kf4 Bf3 54. Bg5 Bg2 55. Bh4 Bh1 56. Kg5 Bf3 57. Kf4 Ke8 58. Bf6 Kd7 59. Bh4 Kc6
60. Kg5 Kd5 61. Kf6 Bg4 62. Bg5 Bf5 63. Bh4 Bh3 64. Kg5 Bg4 65. Kf4 1/2-1/2

[Event "Campeonato Individual-Segunda categoría"]
[Site "?"]
[Date "2015.10.17"]
[Round "1.4"]
[White "Rocillo Mateo, Josu Eder"]
[Black "Francisco Etxebarria, Jon Andoni"]
[Result "1-0"]
[WhiteElo "1768"]
[BlackElo "1672"]
[PlyCount "97"]
[EventDate "2015.??.??"]

1. e4 e6 2. d4 d5 3. Nc3 dxe4 4. Nxe4 Nf6 5. Ng3 Nbd7 6. Nf3 c5 7. Be2 cxd4 8.
Qxd4 Bc5 9. Qc3 O-O 10. O-O a6 11. Bd3 b5 12. Bg5 Be7 13. Rad1 Bb7 14. Qd2 Nc5
15. Qe2 Nxd3 16. Rxd3 Qc7 17. Rfd1 Rad8 18. Nd4 Nd5 19. Nxe6 fxe6 20. Qxe6+ Kh8
21. Bxe7 Nxe7 22. Rd7 Rxd7 23. Rxd7 Qc6 24. Qxc6 Bxc6 25. Rxe7 Rd8 26. f3 g6
27. Kf2 Rd7 28. Rxd7 Bxd7 29. Ne4 Kg7 30. Nc5 Bc8 31. b4 Kf6 32. Ke3 Ke5 33. g4
h5 34. h3 hxg4 35. hxg4 Kd5 36. Kd3 a5 37. a3 axb4 38. axb4 Ke5 39. Ke3 Kd5 40.
Ne4 Be6 41. Nd2 Ke5 42. f4+ Kd5 43. g5 Bf5 44. c3 Bc2 45. Nf3 Kc4 46. Kd2 Bf5
47. Ne5+ Kd5 48. Ke3 Bc2 49. Kf3 1-0

[Event "Campeonato Individual-Segunda categoría"]
[Site "?"]
[Date "2015.10.17"]
[Round "1.5"]
[White "Sanchez Perez, Francisco Javier"]
[Black "Ortiz Gay, Iñigo"]
[Result "1/2-1/2"]
[WhiteElo "1671"]
[BlackElo "1754"]
[PlyCount "53"]
[SourceDate "2015.10.20"]

1. d4 d5 2. c4 c6 3. Nc3 Nf6 4. Nf3 e6 5. Bg5 h6 6. Bh4 Nbd7 7. e3 dxc4 8. Bxc4
b5 9. Bd3 Be7 10. O-O O-O 11. Rc1 Bb7 12. Bg3 a6 13. Ne5 Nxe5 14. Bxe5 Nd7 15.
Bg3 c5 16. Be4 Bxe4 17. Nxe4 cxd4 18. Qxd4 Nf6 19. Qe5 Nxe4 20. Qxe4 Bf6 21.
Bc7 Qd5 22. Qxd5 exd5 23. b3 Rfc8 24. Rfd1 Ra7 25. Bb6 Rxc1 26. Rxc1 Rd7 27.
Rd1 1/2-1/2

[Event "Campeonato Individual-segunda categoría"]
[Site "?"]
[Date "2015.10.17"]
[Round "1.6"]
[White "Naverán Urrutia, Luis"]
[Black "Acedo Peña, Javier"]
[Result "1-0"]
[WhiteElo "1744"]
[BlackElo "1670"]
[PlyCount "91"]

1. e4 e6 2. Nf3 d5 3. exd5 exd5 4. d4 Nf6 5. Bd3 Bg4 6. O-O Be7 7. h3 Bh5 8.
Re1 O-O 9. Bf4 Bd6 10. Be5 Nc6 11. c3 Re8 12. Bxd6 Rxe1+ 13. Qxe1 Bxf3 14. Bg3
Be4 15. Qe3 Bxd3 16. Qxd3 Rc8 17. Nd2 Ne7 18. Re1 Qd7 19. Bh4 Qd6 20. Qf3 Ng6
21. Bxf6 gxf6 22. Nf1 c6 23. Ng3 Kf8 24. Nf5 Qf4 25. Qh5 Re8 26. Rxe8+ Kxe8 27.
Qe2+ Kd7 28. g4 Qe4 29. Qxe4 dxe4 30. Ng3 Ke6 31. Nxe4 b6 32. c4 Nf4 33. Kh2
Ne2 34. d5+ cxd5 35. cxd5+ Kxd5 36. Nxf6+ Ke5 37. Nxh7 Kf4 38. Kg2 Nc1 39. a3
Nd3 40. b3 Ne1+ 41. Kf1 Nc2 42. a4 a5 43. Nf6 Ke5 44. Nd7+ Kf4 45. Nxb6 Nd4 46.
Nc4 1-0

[Event "Campeonato individual-segunda categoría"]
[Site "?"]
[Date "2015.10.17"]
[Round "1.7"]
[White "Garcia Ortega, Joseba"]
[Black "Cerezo Goikolea, Pedro Maria"]
[Result "1/2-1/2"]
[WhiteElo "1668"]
[BlackElo "1743"]
[PlyCount "119"]

1. d4 c6 2. c4 e6 3. Nc3 d5 4. Bf4 Bd7 5. e3 Nf6 6. Nf3 Qa5 7. Qb3 Bb4 8. a3
Bxc3+ 9. Qxc3 Qxc3+ 10. bxc3 Ne4 11. cxd5 exd5 12. c4 Na6 13. cxd5 cxd5 14.
Bxa6 bxa6 15. O-O Rc8 16. Rfc1 O-O 17. h3 f6 18. Rc7 Rxc7 19. Bxc7 Rc8 20. Ba5
Rc2 21. Be1 Bb5 22. a4 Be2 23. Rb1 Bxf3 24. gxf3 Ng5 25. Kg2 Rc7 26. f4 Ne4 27.
Ba5 Rd7 28. Rb8+ Kf7 29. Rh8 h6 30. Rd8 Rxd8 31. Bxd8 Nc3 32. a5 Nb5 33. Kg3
Ke8 34. Bxf6 gxf6 35. Kg4 Nd6 36. Kh5 Kf7 37. Kxh6 Nc4 38. e4 dxe4 39. d5 Nd6
40. h4 Nf5+ 41. Kh5 e3 42. fxe3 Nxe3 43. d6 Nf5 44. d7 Ke7 45. Kg4 Nd6 46. h5
Kxd7 47. h6 Nf7 48. h7 Nh8 49. Kf5 Ke7 50. Ke4 Ke6 51. Kd4 Ng6 52. Kc5 Kf5 53.
Kc6 Kxf4 54. Kb7 Ke5 55. Kxa7 Kd6 56. Kxa6 Kc6 57. Ka7 Kc7 58. a6 f5 59. Ka8 f4
60. a7 1/2-1/2

[Event "Campeonato individual-Segunda categoría"]
[Site "?"]
[Date "2015.10.17"]
[Round "1.8"]
[White "Sanchez Serrano, Luis Ignacio"]
[Black "Quintana Gomez, Peio"]
[Result "0-1"]
[WhiteElo "1742"]
[BlackElo "1662"]
[PlyCount "116"]
[EventDate "2015.??.??"]

1. d4 Nf6 2. Nf3 d5 3. e3 e6 4. Bd3 Bd6 5. Nbd2 Nc6 6. c3 O-O 7. Qe2 Re8 8. e4
e5 9. O-O exd4 10. cxd4 dxe4 11. Nxe4 Nxe4 12. Bxe4 Bf5 13. Ne5 Bxe4 14. Qxe4
Nxd4 15. Qxd4 Bxe5 16. Qg4 Qd6 17. g3 Rad8 18. Rb1 Qg6 19. Qxg6 hxg6 20. Bg5 f6
21. Be3 b6 22. b3 Bd4 23. Bxd4 Rxd4 24. Rb2 c5 25. Kg2 Kf7 26. f4 Red8 27. Rff2
a5 28. Rfe2 f5 29. Kh3 Re4 30. Kg2 Rxe2+ 31. Rxe2 Rd4 32. Rc2 Ke6 33. Kf3 Kd5
34. Re2 Re4 35. Rd2+ Kc6 36. a3 b5 37. Rd8 Re7 38. Rd3 Rd7 39. Re3 c4 40. bxc4
bxc4 41. Re6+ Rd6 42. Re3 Kc5 43. Re5+ Rd5 44. Re7 Rd3+ 45. Re3 Rxe3+ 46. Kxe3
Kd5 47. h3 Kc5 48. g4 a4 49. gxf5 gxf5 50. h4 g6 51. Kd2 Kd4 52. Kc2 c3 53. Kc1
Kd3 54. Kd1 c2+ 55. Kc1 Ke3 56. Kxc2 Kxf4 57. Kc3 Ke3 58. Kb4 f4 0-1

[Event "Campeonato individual-Segunda categoría"]
[Site "?"]
[Date "2015.10.17"]
[Round "1.9"]
[White "Cano Ortega, Ander"]
[Black "Aguirregomezkorta Etxezarrete, Jose María"]
[Result "1/2-1/2"]
[WhiteElo "1646"]
[BlackElo "1736"]
[PlyCount "38"]
[SourceDate "2015.10.20"]

1. d4 d6 2. c4 e5 3. d5 Nf6 4. Nc3 Be7 5. e4 O-O 6. Bd3 Nbd7 7. Nge2 c6 8. O-O
cxd5 9. exd5 Nc5 10. Bc2 a5 11. Ng3 Bd7 12. Be3 Qc8 13. Bxc5 Qxc5 14. Qd3 g6
15. Nce4 Qc7 16. c5 Nxe4 17. Nxe4 Bf5 18. cxd6 Bxd6 19. Rac1 Bxe4 1/2-1/2

[Event "Campeonato Individual-Segunda Categoría"]
[Site "?"]
[Date "2015.10.17"]
[Round "1.10"]
[White "Hinojal Oquendo, Javier"]
[Black "Delgado Bilbao, Jorge"]
[Result "0-1"]
[WhiteElo "1727"]
[BlackElo "1632"]
[PlyCount "78"]

1. d4 d5 2. Nf3 Nf6 3. e3 e6 4. Bd3 b6 5. O-O Bb7 6. Ne5 Nbd7 7. f4 Be7 8. f5
exf5 9. Bxf5 O-O 10. Ng4 Ne4 11. Nd2 Ndf6 12. Ne5 Bd6 13. Ndf3 Qe7 14. Bd2 Nxd2
15. Qxd2 Ne4 16. Qd1 Rad8 17. c3 f6 18. Ng4 g6 19. Bxe4 dxe4 20. Nd2 f5 21. Nf2
f4 22. Nc4 Ba6 23. b3 f3 24. Qc2 Qh4 25. Nxd6 cxd6 26. g3 Qg5 27. Rfe1 Bd3 28.
Qd2 d5 29. Rac1 h5 30. Nh3 Qf5 31. Qf2 Qxh3 32. c4 dxc4 33. bxc4 Rc8 34. Rc3
Rxc4 35. Rxc4 Bxc4 36. Rc1 b5 37. a4 a6 38. axb5 axb5 39. Rb1 Ra8 0-1

[Event "Campeonato Individual-Segunda categoría"]
[Site "?"]
[Date "2015.10.17"]
[Round "1.11"]
[White "San Mamed Sotelo, Manuel"]
[Black "Martinez Quintanilla, Miguel"]
[Result "0-1"]
[WhiteElo "1619"]
[BlackElo "1714"]
[PlyCount "70"]

1. d4 f5 2. Nf3 e6 3. Bd2 Nf6 4. Nc3 c6 5. e3 d5 6. Be2 Bd6 7. Na4 Ne4 8. c4
O-O 9. cxd5 exd5 10. Qc2 Nd7 11. a3 Ndf6 12. h3 Nxd2 13. Nxd2 f4 14. e4 dxe4
15. Nxe4 Nxe4 16. Qxe4 Bf5 17. Qf3 Re8 18. Qb3+ Kf8 19. Qxb7 Qa5+ 20. Nc3 Bd3
21. b4 Qh5 22. Ra2 f3 23. Qxc6 Bxb4 24. axb4 Bxe2 25. Nxe2 fxe2 26. Qc5+ Qxc5
27. bxc5 Rab8 28. Ra1 Rb4 29. d5 Rb5 30. Rc1 a5 31. d6 Re6 32. d7 Ke7 33. Kd2
Kxd7 34. Rhe1 Kc6 35. Rxe2 Rb2+ 0-1

[Event "Campeonato Individual-Segunda categoría"]
[Site "?"]
[Date "2015.10.17"]
[Round "1.12"]
[White "Zoco Gallardo, Ignacio"]
[Black "Diaz Ruiz, Eduardo"]
[Result "1-0"]
[WhiteElo "1708"]
[BlackElo "1608"]
[PlyCount "51"]

1. e4 e5 2. Nf3 Nc6 3. Bb5 Bc5 4. O-O Nf6 5. c3 Nxe4 6. d4 exd4 7. Re1 d5 8.
Nxd4 Qf6 9. f3 O-O 10. Bxc6 bxc6 11. fxe4 Re8 12. exd5 Ba6 13. Be3 Rad8 14. Bf2
Rxe1+ 15. Qxe1 Rxd5 16. Qe8+ Bf8 17. Nd2 Re5 18. Qxc6 Qxc6 19. Nxc6 Re2 20. Rd1
g6 21. Nd4 Re8 22. Re1 Rd8 23. N2f3 c5 24. Nc6 Rc8 25. Ne7+ Bxe7 26. Rxe7 1-0

[Event "Campeonato Individual-Segunda Categoría"]
[Site "?"]
[Date "2015.10.17"]
[Round "1.13"]
[White "Carazo Fernandez, Alexander"]
[Black "Sanchez Ramiro, Jose Javier"]
[Result "0-1"]
[WhiteElo "1602"]
[BlackElo "1701"]
[PlyCount "56"]

1. e4 c5 2. Nc3 Nc6 3. g3 g6 4. Bg2 Bg7 5. d3 d6 6. f4 e6 7. Nf3 Nge7 8. O-O
Rb8 9. Be3 b5 10. Rb1 O-O 11. d4 b4 12. Ne2 cxd4 13. Nexd4 Qc7 14. Qd2 a5 15.
Rfc1 Qd7 16. c3 Bb7 17. cxb4 Nxb4 18. a3 Nbc6 19. Qc2 Rfc8 20. Qa4 Qd8 21. Nxc6
Bxc6 22. Qc2 f5 23. Ng5 Bxe4 24. Nxe6 Bxc2 25. Nxd8 Bxb1 26. Rxc8 Rxc8 27. Bb6
Bd3 28. Kf2 Bxb2 0-1

[Event "Campeonato Individual-Segunda categoría"]
[Site "?"]
[Date "2015.10.17"]
[Round "1.14"]
[White "Alba Colina, Gerardo"]
[Black "Villan Miravalles, Miguel"]
[Result "1/2-1/2"]
[WhiteElo "1698"]
[BlackElo "1601"]
[PlyCount "104"]

1. e4 e6 2. d4 d5 3. e5 Qd7 4. Nf3 b6 5. Bd3 Ba6 6. O-O Bxd3 7. Qxd3 f5 8. c4
dxc4 9. Qxc4 Qc6 10. Qb3 Qd5 11. Qxd5 exd5 12. Nc3 c6 13. Ng5 h6 14. Ne6 Na6
15. a3 Ke7 16. Nf4 Kf7 17. b4 g5 18. Nd3 Nc7 19. a4 Ne6 20. Ne2 c5 21. bxc5
bxc5 22. dxc5 Nxc5 23. Nxc5 Bxc5 24. Bb2 Rh7 25. Nc3 Bd4 26. Nd1 Bxb2 27. Nxb2
Ke6 28. Rfe1 Ne7 29. Nd3 Rc8 30. h3 f4 31. g3 fxg3 32. fxg3 Ng6 33. Re3 Rf7 34.
Rf1 Rxf1+ 35. Kxf1 Rf8+ 36. Ke1 d4 37. Re2 Rf3 38. Nc5+ Kd5 39. Na6 Re3 40.
Rxe3 dxe3 41. Ke2 Kxe5 42. Kxe3 Ne7 43. Nb4 Nf5+ 44. Kf3 h5 45. Nc6+ Kd5 46.
Nxa7 Kc5 47. Nc8 Kb4 48. Nb6 Ka5 49. Nd5 Kxa4 50. Nf6 g4+ 51. hxg4 hxg4+ 52.
Kxg4 Nxg3 1/2-1/2

[Event "Campeonato Individual-segunda categoría"]
[Site "?"]
[Date "2015.10.17"]
[Round "1.15"]
[White "Garmendia Manero, Jose María"]
[Black "Castan Urquijo, Miguel"]
[Result "0-1"]
[WhiteElo "1598"]
[BlackElo "1685"]
[PlyCount "64"]

1. d4 f5 2. c4 e6 3. Nc3 Bb4 4. Nf3 Nf6 5. Bd2 b6 6. e3 Bb7 7. Qb3 Bxc3 8. bxc3
O-O 9. Bd3 d6 10. Rg1 Ne4 11. O-O-O Nxf2 12. Bb1 Nxd1 13. Rxd1 Nd7 14. Qc2 Be4
15. Qb2 Bxb1 16. Kxb1 Nf6 17. Ng5 Qe7 18. h3 Ne4 19. Nf3 Nxd2+ 20. Rxd2 f4 21.
e4 Qf6 22. e5 Qf5+ 23. Ka1 dxe5 24. Nxe5 c5 25. Nf3 Rfd8 26. a3 Rd6 27. Re2
Rad8 28. Re5 Qd3 29. Rg5 Qf1+ 30. Ka2 Qxc4+ 31. Kb1 Rd5 32. Rg4 cxd4 0-1

[Event "Campeonato Indivudial-Segunda Categoría"]
[Site "?"]
[Date "2015.10.24"]
[Round "2.10"]
[White "Villan Miravalles, Mikel"]
[Black "Ruiz Macias, Javier"]
[Result "0-1"]
[WhiteElo "1601"]
[BlackElo "1694"]
[PlyCount "46"]
[EventDate "2015.??.??"]
[SourceDate "2015.10.24"]

1. c4 e5 2. g3 Bc5 3. Bg2 Nc6 4. Nc3 d6 5. Nf3 Be6 6. b3 Nf6 7. O-O O-O 8. e3
Bg4 9. Qc2 Bb6 10. Bb2 Qd7 11. Na4 Bh3 12. Nxb6 axb6 13. d4 Bxg2 14. Kxg2 Rfe8
15. dxe5 dxe5 16. Nd2 Nb4 17. Qb1 Qxd2 18. Rd1 Qe2 19. Bc3 Rxa2 20. Rxa2 Nxa2
21. Rd2 Nxc3 22. Qc2 Qe1 23. Qxc3 Ne4 0-1

[Event "Campeonato Indivudial-Segunda Categoría"]
[Site "?"]
[Date "2015.10.24"]
[Round "2.2"]
[White "Galan Gutierrez, Jose Miguel"]
[Black "Navaren Urrutia , Luis"]
[Result "0-1"]
[WhiteElo "1682"]
[BlackElo "1744"]
[PlyCount "120"]
[SourceDate "2015.10.24"]

1. e4 c6 2. Nf3 d5 3. exd5 cxd5 4. d4 Nc6 5. Bb5 Qa5+ 6. Nc3 Bg4 7. Qd3 Bxf3 8.
Qxf3 e6 9. O-O Bd6 10. Bf4 Qc7 11. Bxd6 Qxd6 12. Qg4 g6 13. Qg5 h6 14. Qe3 Nge7
15. Ba4 a6 16. Ne2 b5 17. Bb3 Nf5 18. Qd3 Nb4 19. Qd2 a5 20. c3 Nc6 21. Bc2 Rc8
22. Bxf5 gxf5 23. a3 a4 24. Rfe1 Na5 25. Nc1 Nc4 26. Qc2 Qf4 27. Nd3 Qg5 28.
Rad1 Rg8 29. g3 f4 30. Qc1 fxg3 31. Qxg5 gxf2+ 32. Kxf2 Rxg5 33. Rg1 Ke7 34.
Rde1 Rcg8 35. Rxg5 Rxg5 36. h3 Nd2 37. h4 Rg4 38. Rh1 f6 39. Ke3 Nc4+ 40. Kf3
f5 41. h5 Nd2+ 42. Ke3 Nc4+ 43. Kf3 Kf6 44. Nf2 Nd2+ 45. Ke3 Rg2 46. Nd3 Kg5
47. Rd1 Nc4+ 48. Kf3 Rg4 49. Re1 Re4 50. Rg1+ Rg4 51. Re1 Nd2+ 52. Kf2 Ne4+ 53.
Kf3 Rg3+ 54. Ke2 Rg2+ 55. Kf1 Rh2 56. Re3 f4 57. Re1 Nd2+ 58. Kg1 Nf3+ 59. Kf1
Nxe1 60. Kxe1 Rxh5 0-1

[Event "Campeonato Individual-Segunda Categoría"]
[Site "?"]
[Date "2015.10.24"]
[Round "2.3"]
[White "Martinez Quintanilla , Miguel"]
[Black "Quintana Gomez, Peio"]
[Result "0-1"]
[WhiteElo "1714"]
[BlackElo "1662"]
[PlyCount "58"]

1. d4 Nf6 2. Nf3 d5 3. c4 e6 4. e3 c5 5. Nc3 cxd4 6. exd4 Bd6 7. Bd3 Nc6 8. O-O
dxc4 9. Bxc4 O-O 10. Bg5 Be7 11. Bb5 Qc7 12. Qe2 a6 13. Ba4 b5 14. Bb3 Bb7 15.
Rac1 Qb6 16. Be3 Qc7 17. d5 Ne5 18. Nxe5 Qxe5 19. dxe6 fxe6 20. Rcd1 Rad8 21.
Rxd8 Rxd8 22. Rd1 Rxd1+ 23. Qxd1 b4 24. Na4 Bd6 25. Kf1 Qxh2 26. Bxe6+ Kf8 27.
Bh3 Nd5 28. Qf3+ Nf4 29. Bxf4 Qh1+ 0-1

[Event "Campeonato Individual-Segunda Categoría"]
[Site "?"]
[Date "2015.10.24"]
[Round "2.8"]
[White "AguirregomezkortaEtxezarrete, Jose Miguel"]
[Black "Sanchez Perez, Fco. Javier"]
[Result "0-1"]
[WhiteElo "1736"]
[BlackElo "1671"]
[PlyCount "78"]

1. e4 c6 2. d4 d5 3. Nd2 dxe4 4. Nxe4 Bf5 5. Bd3 e6 6. Nf3 Nd7 7. Qe2 Qc7 8.
O-O Bxe4 9. Qxe4 Ngf6 10. Qh4 Be7 11. Bg5 h6 12. Rfe1 O-O-O 13. Bxf6 Bxf6 14.
Qe4 Be7 15. a3 Nf6 16. Qe5 Bd6 17. Qe2 Nd5 18. g3 Nf6 19. b4 a6 20. c4 Rhe8 21.
b5 a5 22. bxc6 bxc6 23. c5 Bf8 24. Ba6+ Kd7 25. Ne5+ Ke7 26. Ng6+ Kd7 27. Ne5+
Ke7 28. Rab1 Rb8 29. Rxb8 Rxb8 30. Nxf7 Qd7 31. Bc4 Nd5 32. Qh5 Qe8 33. Rxe6+
Kxe6 34. Qg6+ Kd7 35. Ne5+ Kc7 36. Bf1 Qxg6 37. Nxg6 Ne7 38. Ne5 Rb1 39. Kg2
Ra1 0-1

[Event "Campeonato Individual-Segunda Categoría"]
[Site "?"]
[Date "2015.10.24"]
[Round "2.11"]
[White "Francisco Etxeberria, Jon Andoni"]
[Black "Cano Ortega, Ander"]
[Result "1/2-1/2"]
[WhiteElo "1672"]
[BlackElo "1646"]
[PlyCount "70"]

1. d4 Nf6 2. Nf3 e6 3. Bf4 b6 4. e3 Bb7 5. Bd3 d5 6. Nbd2 Bd6 7. Ne5 O-O 8. Qe2
Nbd7 9. O-O-O Qe7 10. Bg3 c5 11. c3 c4 12. Bc2 b5 13. Ng4 a5 14. Bh4 b4 15.
Nxf6+ Nxf6 16. Bxf6 Qxf6 17. Qh5 g6 18. Qf3 Qd8 19. Nxc4 dxc4 20. Qxb7 bxc3 21.
bxc3 e5 22. Kd2 exd4 23. cxd4 Rb8 24. Qa6 Qc7 25. Rb1 Ra8 26. Qb7 Qd8 27. Qc6
Rc8 28. Qa6 Qf6 29. Ke2 Qd8 30. Rb7 Bb4 31. Rb1 Qg5 32. g3 Qh5+ 33. Kf1 Qxh2
34. Ke2 Qh5+ 35. Kf1 Qh1+ 1/2-1/2

[Event "Campeonato Individual-Segunda Categoría"]
[Site "?"]
[Date "2015.10.24"]
[Round "2.9"]
[White "García Ortega, Joseba"]
[Black "Alba Colinas, Gerardo"]
[Result "1-0"]
[WhiteElo "1668"]
[BlackElo "1698"]
[PlyCount "102"]

1. d4 d5 2. c4 dxc4 3. Nc3 e6 4. e3 Nf6 5. Bxc4 Be7 6. Nf3 O-O 7. O-O Nc6 8.
Bd2 a6 9. a3 Bd7 10. Ba2 h6 11. Rc1 b5 12. d5 exd5 13. Nxd5 Rc8 14. Nxe7+ Nxe7
15. Bc3 Ng6 16. Bxf6 gxf6 17. b4 Bg4 18. Qxd8 Rfxd8 19. Rc6 Rd6 20. Rfc1 Rcd8
21. h3 Bxf3 22. gxf3 Ne5 23. Rxc7 Nxf3+ 24. Kg2 Ne5 25. Rc8 Rxc8 26. Rxc8+ Kg7
27. Ra8 f5 28. Re8 Rd2 29. Rxe5 Rxa2 30. Rxf5 Rxa3 31. Rf4 Rc3 32. Kf3 Kg6 33.
Kg4 Rc4 34. Rd4 f5+ 35. Kg3 Rxd4 36. exd4 Kf6 37. Kf4 Ke6 38. h4 Kd5 39. Kxf5
Kxd4 40. f4 Kc4 41. Ke5 Kxb4 42. f5 Kc3 43. f6 b4 44. f7 b3 45. f8=Q b2 46. Qf5
a5 47. Qb1 a4 48. Qa2 h5 49. Kf5 Kc2 50. Qxa4+ Kc1 51. Qa3 Kc2 1-0

[Event "Campeonato Individual-Segunda Categoría"]
[Site "?"]
[Date "2015.10.24"]
[Round "2.1"]
[White "Sanchez Ramiro, José Miguel"]
[Black "Rocillo Mateo, Josu Eder"]
[Result "1/2-1/2"]
[WhiteElo "1701"]
[BlackElo "1768"]
[PlyCount "117"]
[EventDate "2015.??.??"]
[SourceDate "2015.10.26"]

1. d4 d5 2. Bf4 Nf6 3. e3 e6 4. Nf3 Be7 5. Bd3 Nbd7 6. Nbd2 b6 7. Ne5 Bb7 8.
O-O c5 9. c3 O-O 10. Qf3 Re8 11. Rfe1 Nf8 12. Qh3 Ne4 13. Nxe4 dxe4 14. Bb5 f6
15. Nd7 Kf7 16. Nxf8 Rxf8 17. Rad1 Qd5 18. dxc5 Qxc5 19. Bd7 Bd5 20. Qh5+ Kg8
21. Qg4 f5 22. Qg3 Bxa2 23. Bd6 Bxd6 24. Qxd6 Qxd6 25. Rxd6 Kf7 26. Red1 Bd5
27. Bb5 Rfc8 28. Rd4 a6 29. Be2 b5 30. h4 Ke7 31. Rb6 Kd7 32. Rb7+ Rc7 33.
Rxc7+ Kxc7 34. Kh2 Rd8 35. Kg3 e5 36. Rd1 Bb3 37. Rxd8 Kxd8 38. h5 Ke7 39. Kh4
Kf6 40. g4 g5+ 41. hxg6 hxg6 42. gxf5 gxf5 43. Bh5 a5 44. Be8 Bc4 45. Bc6 Bd3
46. Bd5 Be2 47. Bb7 b4 48. cxb4 axb4 49. Bd5 Bd3 50. Bb3 f4 51. Bd5 Ke7 52. b3
Kd6 53. Bg8 Bb5 54. Kg5 f3 55. Kf5 Bc6 56. Kg5 Be8 57. Kf6 Bd7 58. Bc4 Bh3 59.
Bg8 1/2-1/2

[Event "Campeonato Individual-Segunda Categoría"]
[Site "?"]
[Date "2015.10.24"]
[Round "2.4"]
[White "Delgado Bilbao, Jorge"]
[Black "Zoco Gallardo, Ignacio"]
[Result "1-0"]
[WhiteElo "1632"]
[BlackElo "1708"]
[PlyCount "133"]
[SourceDate "2015.10.26"]

1. e4 c6 2. d4 d5 3. Nc3 dxe4 4. Nxe4 Bf5 5. Ng3 Bg6 6. Nf3 Nd7 7. Be3 e6 8.
Bd3 Ngf6 9. O-O Bxd3 10. Qxd3 Be7 11. Rac1 O-O 12. Rfd1 Qc7 13. c4 c5 14. d5
exd5 15. cxd5 Bd6 16. Ne4 Nxe4 17. Qxe4 Nf6 18. Qf5 Rac8 19. Bd4 Qe7 20. Ng5
cxd4 21. Rxc8 Qe2 22. Rxf8+ Bxf8 23. Qd3 Qxb2 24. Qxd4 Qxa2 25. d6 Qa5 26. Nf3
Qd8 27. Qxa7 Bxd6 28. Qd4 Ne8 29. Re1 Nf6 30. Rd1 Ne8 31. Rb1 Qc7 32. Qe4 Nf6
33. Qxb7 Qxb7 34. Rxb7 h6 35. g3 Kf8 36. Nd4 g6 37. Kg2 Ne4 38. h4 Bc5 39. Rd7
Bxd4 40. Rxd4 Nf6 41. Ra4 Ke7 42. Ra6 Nh5 43. Kf3 Ng7 44. Ke4 Ne6 45. Ra7+ Kf6
46. Ra6 Ke7 47. Ra5 Nc7 48. g4 Ne6 49. f4 g5 50. hxg5 hxg5 51. f5 Nf4 52. Ra7+
Kf6 53. Rd7 Nh3 54. Rd6+ Ke7 55. Ke5 Nf4 56. f6+ Ke8 57. Kf5 Nh3 58. Rd3 Nf4
59. Re3+ Kf8 60. Kxg5 Ne6+ 61. Rxe6 fxe6 62. Kf4 Kf7 63. Ke5 Kf8 64. Kxe6 Ke8
65. f7+ Kf8 66. g5 Kg7 67. Ke7 1-0

[Event "Campeonato Individual-segunda Categoría"]
[Site "?"]
[Date "2015.10.24"]
[Round "2.5"]
[White "Fernandez Almeida, Joseba"]
[Black "Asensio Ariño, Juan Angel"]
[Result "1-0"]
[WhiteElo "1838"]
[BlackElo "1678"]
[PlyCount "119"]
[EventDate "2015.??.??"]

1. e4 c5 2. Nf3 d6 3. d4 cxd4 4. Nxd4 Nf6 5. Nc3 a6 6. Be3 Bd7 7. Be2 e6 8. O-O
Nc6 9. Qd2 Be7 10. Rad1 Qc7 11. f4 Rd8 12. Bf3 O-O 13. Qf2 Rc8 14. Nxc6 Bxc6
15. Bb6 Qb8 16. Rfe1 Nd7 17. Bd4 b5 18. Nd5 Bd8 19. Qg3 f6 20. Nb4 Bb7 21. c3
Bb6 22. Nc2 e5 23. Bxb6 Nxb6 24. Ne3 exf4 25. Qxf4 Rcd8 26. Nf5 Nc4 27. Qg3 Qc7
28. Re2 Ne5 29. Red2 Rd7 30. Rxd6 Rxd6 31. Rxd6 Kh8 32. Re6 Qc5+ 33. Qf2 Qc8
34. Re7 Rg8 35. Qa7 Nc6 36. Qxb7 Nxe7 37. Qxe7 Qc6 38. Nd4 Qc4 39. Qe6 Qd3 40.
h3 Qe3+ 41. Kh2 Qf4+ 42. g3 Qd2+ 43. Bg2 Qxb2 44. Nf5 Qxc3 45. Nd6 h6 46. Nf7+
Kh7 47. Qxa6 Qc4 48. Qb7 Rf8 49. Nd6 Qd3 50. Nxb5 Rd8 51. a4 Rd7 52. Qc6 Qd2
53. a5 Rf7 54. a6 Qa5 55. e5 fxe5 56. Be4+ Kg8 57. Qe8+ Rf8 58. Bd5+ Kh7 59.
Qxf8 Qd2+ 60. Bg2 1-0

[Event "Campeonato Individual-Segunda Categoría"]
[Site "?"]
[Date "2015.10.24"]
[Round "2.7"]
[White "Cerezo Goikolea, Pedro María"]
[Black "Morlard , Jean Albert"]
[Result "1/2-1/2"]
[WhiteElo "1742"]
[BlackElo "1671"]
[PlyCount "105"]

1. e4 e5 2. Nf3 Nc6 3. Bc4 Bc5 4. c3 Nf6 5. b4 Be7 6. d3 O-O 7. O-O d6 8. h3
Bd7 9. Kh2 Qc8 10. Ng1 Nd8 11. f4 exf4 12. Bxf4 Ne6 13. Be3 c6 14. Nd2 Qc7 15.
Kh1 g6 16. Bb3 Nh5 17. Ne2 Rad8 18. Qe1 c5 19. g4 Nhg7 20. Nf3 Bc6 21. Bd5 Ne8
22. g5 Bxd5 23. exd5 N6g7 24. b5 Qd7 25. Kh2 Qxb5 26. c4 Qd7 27. Ng3 Nf5 28.
Bc1 Neg7 29. Ne4 Rfe8 30. Qc3 Qc7 31. Bb2 a6 32. Ng3 Bf8 33. Nxf5 gxf5 34. Rfe1
Re7 35. Rxe7 Qxe7 36. Re1 Qd7 37. h4 Re8 38. Qf6 Rxe1 39. Nxe1 Qe7 40. Qc3 b5
41. a3 f4 42. Qd2 Nh5 43. Bc1 Qe5 44. Nf3 Qf5 45. Ne1 Bg7 46. Qe2 Be5 47. Qf3
Ng3 48. Ng2 bxc4 49. dxc4 Ne2 50. Bd2 Nd4 51. Qf2 f3+ 52. Kg1 Qb1+ 53. Ne1
1/2-1/2